Geographie nach Bild - G - Statistiken

Allgemein
  • Dieses Quiz wurde 7.285 mal gespielt
  • Das Durchschnittsergebnis liegt bei 11 aus 18
Antwortstatistiken
Bildquiz Hint Antwort % Korrekt
Land Griechenland
97%
Insel Grönland
91%
Insel Großbritannien
88%
Schneemasse aus Eis Gletscher
87%
Stadt Gizeh
84%
Land Guatemala
81%
Stadt/Gebiet Gaza
79%
Wüste Gobi
79%
Land Gambia
74%
Archipel Galapagosinseln
73%
Fluss Ganges
69%
Land Georgien
53%
Stadt/Gebiet Gibraltar
52%
Stadt Genf
43%
Stadt Genua
31%
Region Galicien
29%
Stadt Granada
22%
Insel Gotland
19%
Keine übereinstimmenden Quizze gefunden
Verteilung der Resultate
Anzahl Personen mit jedem Resultat
Perzentil nach korrekt beantworteten Fragen
Ihre Resultats-Entwicklung
Sie haben dieses Quiz noch nicht gespielt